Language Quiz

Random Language or Letter Quiz

The Only Letter VI Quiz Stats

Quiz Updated Jun 7, 2015

Also try: The Only Letter V
Challenge
Share
Tweet
Embed
Score 0/26 Timer 01:30
4 Plays Today
% Correct
H
90.2%
R
90.1%
I
88.8%
G
88.2%
Q
87.6%
F
86.5%
S
85.7%
W
83.3%
V
83.1%
M
82.4%
L
78.3%
O
76.6%
X
76.4%
% Correct
P
74.6%
T
72.4%
U
70.1%
J
65%
K
62.7%
C
56.9%
Y
56.2%
B
54.6%
N
49.8%
A
32.8%
D
24%
Z
17.3%
E
11.9%

You're not logged in!

Compare scores with friends on all Sporcle quizzes.
Sign Up with Email
OR
Log In

You Might Also Like...

Show Comments

Extras

Top Quizzes Today


Score Distribution

Your Account Isn't Verified!

In order to create a playlist on Sporcle, you need to verify the email address you used during registration. Go to your Sporcle Settings to finish the process.